| 000 | 00795cam a2200229 a 4500 | ||
|---|---|---|---|
| 001 | 3545672 | ||
| 005 | 20180111092054.0 | ||
| 008 | 971113s1998 miua b 001 0 eng | ||
| 010 | _a 97048516 | ||
| 020 | _a1575040492 | ||
| 040 |
_aDLC _cDLC _dDLC |
||
| 041 | _aeng | ||
| 080 | _a631.4 SEL | ||
| 082 | 0 | 0 |
_a631.4 SEL _221 |
| 100 | _a42 | ||
| 101 | _aGEO | ||
| 245 | 0 | 0 |
_aPhysical nonequilibrium in soils : _cedited by H. Magdi Selim, Liwang Ma. |
| 504 | _aIncludes bibliographical references and index. | ||
| 906 |
_a7 _bcbu _corignew _d1 _eocip _f19 _gy-gencatlg |
||
| 942 |
_2ddc _cBK |
||
| 999 |
_c40142 _d40142 |
||